Представление документа в формате MARC21

Поле Инд. ПП Название Значение
Тип записи a
Библиографический уровень b
001 Контрольный номер RU/IS/BASE/373031662
005 Дата корректировки 20200630193200.9
008 Кодируемые данные 20111027
084 a Индекс другой классификации/Индекс ББК 67.400.74; 74.48; 74.480.4
100 1_ a Автор Богданов А. В.
q Полное имя Богданов Антон Владимирович
245 a Заглавие Правовые основы взаимодействия органов местного самоуправления с высшими учебными заведениями
504 a Библиография Лит.: с. 154
520 a Аннотация Рассматриваются правовые механизмы участия органов местного самоуправления в управлении системой высшего процессионального образования. На основе анализа федерального и регионального законодательства проводится классификация полномочий органов местного самоуправления, позволяющих им влиять на развитие высших учебных заведений. Особое внимание уделено изучению практики организации за счет средств местного бюджета и осуществления дополнительных мер поддержки системы высшей школы.
650 a Основная рубрика высшее образование
a Основная рубрика высшие образовательные учреждения
a Основная рубрика конституционное право (государственное право)
a Основная рубрика местное самоуправление
a Основная рубрика образование
a Основная рубрика право
a Основная рубрика профессиональное образование
653 a Ключевые слова делегирование правовых полномочий
a Ключевые слова доступность образования
a Ключевые слова качество образования
a Ключевые слова местный бюджет
a Ключевые слова муниципальные образования
a Ключевые слова полномочия местного самоуправления
a Ключевые слова правовые полномочия
a Ключевые слова региональное законодательство
a Ключевые слова Россия
a Ключевые слова управление вузом
a Ключевые слова управление высшим образованием
a Ключевые слова федеральное законодательство
773 t Заглавие источника Вопросы государственного и муниципального управления
d Дата издания источника 2009
g Прочая информация № 3. - С. 143 - 153
w Контрольный № источника RU/IS/BASE/309528796
901 t Тип документа b